| 000 | 02093cam a2200337 a 4500 | ||
|---|---|---|---|
| 001 | 17006329 | ||
| 005 | 20170105102905.0 | ||
| 008 | 111019s2012 nyua b 001 0 eng | ||
| 010 | _a 2011041861 | ||
| 020 | _a9780415604017 (hbk.) | ||
| 020 | _a9780203122099 (ebk.) | ||
| 040 |
_aDLC _cDLC |
||
| 042 | _apcc | ||
| 043 | _aa-cc--- | ||
| 050 | 0 | 0 |
_aJZ1734 _b.C57 2012 |
| 082 | 0 | 0 |
_a327.51 _223 |
| 245 | 0 | 0 |
_aChina's soft power and international relations / _c[edited by] Hongyi Lai and Yiyi Lu. |
| 250 | _a1st ed. | ||
| 260 |
_aNew York : _bRoutledge, _c2012. |
||
| 300 |
_axii, 216 p. : _bill. ; _c24 cm. |
||
| 490 | 0 |
_aChina policy series ; _v23 |
|
| 504 | _aIncludes bibliographical references (p. [194]-205) and index. | ||
| 505 | 0 | _aIntroduction: the soft power concept and a rising China / Hongyi Lai -- Soft power and Chinese soft power / Zheng Yongnian and Chi Zhang -- Soft language, soft imagery and soft power in China's diplomatic lexicon / David Scott -- The quandary of China's soft-power rhetoric: the "peaceful-rise" concept and internal debate / Dominik Mierzejewski -- China's cultural diplomacy: going for soft power / Hongyi Lai -- Challenges for China's international communication / Yiyi Lu -- Challenges for China's harmonious diplomacy / Cheng (Jason) Qian -- Debunking the myth of China's soft power: changes in China's use of foreign assistance from 1949 to the present / Merriden Varral -- Is China rising at America's expenses? anti-Americanism and pro-China sentiments in global public opinion / Zixiao Yang, David Zweig, and Zhengxu Wang -- China's foreign policy as a rising power in the early 21st century: -- The struggle between taoguangyanghui and assertiveness / Suisheng Zhao. | |
| 651 | 0 |
_aChina _xForeign relations _y21st century. |
|
| 651 | 0 |
_aChina _xForeign relations _xPhilosophy. |
|
| 700 | 1 |
_aLai, Hongyi, _d1965- |
|
| 700 | 1 |
_aLu, Yiyi, _d1970- |
|
| 906 |
_a7 _bcbc _corignew _d1 _eecip _f20 _gy-gencatlg |
||
| 942 |
_2ddc _cBK |
||
| 999 |
_c14832 _d14832 |
||